Central Library and Information Centre
Sibsagar Girls' College, Sivasagar : Assam

DATA STRUCTURES THROUGH C IN DEPTH (Record no. 22450)

MARC details
000 -LEADER
fixed length control field 00505cam a2200181ua 4500
008 - FIXED-LENGTH DATA ELEMENTS--GENERAL INFORMATION
fixed length control field 180307n II |||gr||||Z||||||eng
040 ## - CATALOGING SOURCE
Original cataloging agency MAIN
041 ## - LANGUAGE CODE
-- English
100 ## - MAIN ENTRY--PERSONAL NAME
Personal name SRIVASTAVA, S.K.,
Relator term AUTHOR.
245 1# - TITLE STATEMENT
Title DATA STRUCTURES THROUGH C IN DEPTH
260 ## - PUBLICATION, DISTRIBUTION, ETC.
Place of publication, distribution, etc. NEW DELHI:
Name of publisher, distributor, etc. BPB PUBLISHERS,
Date of publication, distribution, etc. 2011.
300 ## - PHYSICAL DESCRIPTION
Extent 525:
Dimensions 21CM+
Accompanying material PB.
500 ## - GENERAL NOTE
General note RUSA MDC GRANT 2014-2017
700 ## - ADDED ENTRY--PERSONAL NAME
Personal name SRIVASTAVA, DIPALI,
Relator term AUTHOR.
942 ## - ADDED ENTRY ELEMENTS (KOHA)
Koha item type Books
653 ## - INDEX TERM--UNCONTROLLED
Uncontrolled term Data Structure and Computer Language
Holdings
Withdrawn status Lost status Source of classification or shelving scheme Damaged status Not for loan Collection code Home library Current library Shelving location Date acquired Barcode Date last seen Price effective from Koha item type
    Dewey Decimal Classification     Reference book of Computer Science Central Library and Information Centre Sibsagar Girls College Central Library and Information Centre Sibsagar Girls College COMPUTER SC BOOK RACK 29.08.2017 34907 29.04.2023 29.04.2023 Books


Sibsagar Girl's College © 2020. All rights reserved.
Powered by Koha.
Maintained by Abhijit Borpuzari.